000 00331cam a22001217a 4500
008 180718b1987 xxu||||| |||| 00| 0 eng d
082 _aQ31x5451 Sa74
100 _aSarma, R.P.
245 _aDimensions of rural poverty
_cby R.P. Sarma
260 _aDelhi
_bDaya
_c1987
300 _a322p.
650 _aPoverty - India - Andhra Pradesh
999 _c353556
_d353556